000 00323nam a22001457a 4500
008 210602b ||||| |||| 00| 0 eng d
020 _a0060425768
041 _aeng
080 _22nd
_a91
082 _a91
100 _a42
101 _aGJEO
245 _aGeography a Modern Synthesis
_cPeter Haggett
942 _2udc
_cBK
999 _c57927
_d57927